Xưa và nay

שמור ב:
מידע ביבליוגרפי
פורמט: ספר
שפה:Undetermined
יצא לאור: Hà Nội Hội Khoa học Lịch sử Việt Nam 2018
נושאים:
תגים: הוספת תג
אין תגיות, היה/י הראשונ/ה לתייג את הרשומה!
Thư viện lưu trữ: Trung tâm Học liệu Trường Đại học Cần Thơ
LEADER 00469nam a2200157Ia 4500
001 CTU_235290
008 210402s9999 xx 000 0 und d
082 |a 900 
082 |b X551 
245 0 |a Xưa và nay 
245 0 |c Hội Khoa học Lịch sử Việt Nam 
260 |a Hà Nội 
260 |b Hội Khoa học Lịch sử Việt Nam 
260 |c 2018 
650 |a History,Lịch sử 
980 |a Trung tâm Học liệu Trường Đại học Cần Thơ